00402nam a2200157 a 450000100060000000300090000600800410001502000150005604000280007108200170009910000200011624500200013626000560015630000110021265000210022316122CO-ViMGA141112s2004 ck r 000 u spa d a8476729693 aCO-ViMGAbspacCO-ViMGA04aA861.5 H375f1 aHernandez, Jose10aMartín Fierro aBarcelona (España) : bEdicomunicación s.a.1999 a286.p.14aPOESIA ARGENTINA